000
00317nam a2200121Ia 4500
008
210430s9999 xx 000 0 und d
082
_a
518 G726 N
100
_a
Matheus Grasselli
_9
54281
245
_a
Numerical Mathematics
_c
Matheus Grasselli
260
_a
America
_b
Jones
_c
2008
300
_a
668p
942
_c
BK
_2
ddc
999
_c
564773
_d
564773